00869nam a22002537a 450000500170000001000130001702000220003003500130005203700160006504000120008108200170009310000340011024500640014424600060020826000530021427000500026730000240031750000190034165000440036065000370040494200260044199900190046795201290048620170124110223.0 aA-805967 c00.00a8170247853 aA-805967 bCen Lib/Ret aDPLbEN a344.046bTRI aTrivedi, Priya Ranjan 940267 aInternational environmental laws /cby Priya Ranjan Trivedi b  bA. P. H. Publishing Corporationc1996aNew Delhi bNew Delhia5, Ansari Road, Darya Ganje110002 avi,722p. c22cm(Hb) aIncludes index aInternational environment -- Law940268 aInternational environment940269 2ddccENh344.046mTRI c134270d134270 001040718REFaLbLd2015-07-29eCen Lib/Retg0.00l0o344.046 TRIpA-805967r2015-07-29 00:00:00t1v0.00w2015-07-29yEN